000 00471nam a2200145 4500
999 _c690
_d690
008 191119b ||||| |||| 00| 0 eng d
082 0 0 _a621.3133
_bS2741
100 _9202
_aSay, M. G.
245 1 0 _aThe Performance and Design of Alternating Current Machines: Transformer, Three Phase Induction Motors and Synchronous Machines
_cby M G Say
250 _a3rd ed.
260 _aLondon
_bPitman
_c1961
300 _axxi, 664 p.
650 0 _aElectric Machinery
942 _2ddc
_cBK